| 000 | 00444pab a2200169 454500 | ||
|---|---|---|---|
| 008 | 180718b1996 xxu||||| |||| 00| 0 eng d | ||
| 100 | _aShenoi, P.V. | ||
| 245 | _aAgricultural policy: an agenda for the Ninth Plan | ||
| 260 | _c1996 | ||
| 300 | _ap.285-91 | ||
| 362 | _aAug | ||
| 650 | _aEconomic planning - India | ||
| 650 | _aAgriculture - India | ||
| 650 | _aAgriculture | ||
| 773 | _aAgricultural Situation in India | ||
| 909 | _a34509 | ||
| 999 |
_c34509 _d34509 |
||